00651cam a22002051 450000100060000000300080000600500170001400800390003103500200007004000370009004100080012708200220013510000260015724500560018326000740023930000360031350400510034965000250040065000200042512450BD-RjUL20211208235309.0140128t1965 enka b 001 0 eng a(BD-RjUL) 12499 aDLCcDLCdDLCdICUdBD-RjULbeng aeng00a576216bWOM 19651 aWood, E. J. Ferguson.10aMarine microbial ecology /cby E. J. Ferguson Wood. aLondon ;bChapman and Hall ;aNew York :bReinhold Pub. Corp.,c1965. axii, 243 p. :billus. ;c23 cm. aIncludes bibliographical reference and index. 0aMarine microbiology. 0aMarine ecology.